000 00826cam a2200265 a 4500
001 15339
003 BD-RjUL
005 20211208235809.0
008 140209s1964 enk 001 0 eng u
035 _a(BD-RjUL)15393
_a0140802665
040 _aWSU
_dBD-RjUL
_beng
_cBD-RjUL
041 _aeng
082 _a301.1832
_bPUW 1964
100 1 _aPugh, Derek Salman.
_946120
245 1 0 _aWriters on organizations :
_ban introduction /
_cD.S. Pugh, D.J. Hickson and C.J. Hinings.
260 _aLondon :
_bHutchinson,
_cc1964.
300 _axii, 98 p. ;
_c21 cm.
504 _aInclude index.
650 0 _aOrganization
_947666
650 0 _aIndustrial management
_947667
700 1 _aHickson, David John
_947668
700 1 _aHinings, C. R.
_q(Christopher Robin),
_d1937-
_947669
942 _2ddc
_cBK
999 _c15339
_d15339